Quizzes
Events
Quiz Creation
Community
Videos
Private Events
Remove Ads
Sign In
Join for FREE
Feedback
Dark Mode
Quiz Categories
Sports
Geography
Music
Movies
Television
Just For Fun
Miscellaneous
History
Literature
Language
Science
Gaming
Entertainment
Religion
Holiday
For Kids
Quiz Lab
Recent
Popular Today
Quiz Kudos Today
Editor Picks
Curator Picks
Quizzes by...
Day
Popularity
Type
Ratings
Length
Year
Community
Subscriptions
Recent Discussions
Orange Saloon
Badges
Playlists
Quests
Create
Leaderboards
Showdown
Live 5
Trivia Bingo
Activity
Puzzle Library
Sporcle Events
Private Events
Virtual Trivia
Globe League
Become a Host
Pub Owners
SporcleCon
Opinionation
Our Games
Videos
Blog
Mobile Apps
Partnerships
Remove Ads and Go Orange
Feedback
Sports
Athletes
MLB
NBA
NHL
NFL
Soccer
Sports Teams
WWE
NCAA
Football
Premier League
Basketball
Baseball
Hockey
Golf
Tennis
Cricket
Rugby
Auto Racing
Olympics
World Cup
Sports
Athletes
MLB
NBA
NHL
NFL
Soccer
Sports Teams
WWE
NCAA
Football
Premier League
Basketball
Baseball
Hockey
Golf
Tennis
Cricket
Rugby
Auto Racing
Olympics
World Cup
Random Quiz
Search Sporcle
×
Quiz Lab
Quiz Lab
Sports
WWE
Type in answers that appear in a list
Type in answers that appear in a list
Classic
Best Score? Go Orange.
WWE PPV Opponents of Curtis Axel Stats
Can you name the WWE PPV Opponents of Curtis Axel
By
svenmetenstra94
10m
22 Questions
465 Plays
465 Plays
465 Plays
Comments
Comments
Give Quiz Kudos
Give Quiz Kudos
-
- Ratings
hide this ad
Replay
Link that replays current quiz
Next Quiz
Link to next quiz in quiz playlist
You Got
0%
They Got
Avg Score
68%
Avg Friend Score
Upgrade to see
Score Distribution
Jump to the score distribution portion of the page
Score
0/22
Timer
10:00
0
Plays Today
Event
Opponent
% Correct
Payback 2013
The Miz
93.8%
Money In The Bank 2013
The Miz
93.8%
Battleground 2014
The Miz
93.7%
Extreme Rules 2018
Bray Wyatt
88.5%
Payback 2013
Wade Barrett
88.2%
Extreme Rules 2018
Matt Hardy
87.5%
WrestleMania 32
Baron Corbin
85.2%
Night of Champions 2013
CM Punk
84.4%
Survivor Series 2013
Big E Langston
83.2%
Night of Champions 2013
Kofi Kingston
80.4%
TLC 2013
Cody Rhodes
79.8%
Event
Opponent
% Correct
TLC 2013
Goldust
79.8%
Payback 2014
Cody Rhodes
79.8%
Payback 2014
Goldust
79.8%
TLC 2013
Antonio Cesaro
76.3%
TLC 2013
Big Show
75.7%
TLC 2013
Jack Swagger
70.8%
TLC 2013
Rey Mysterio
69.7%
Fastlane 2016
R-Truth
67.9%
Battleground 2013
R-Truth
66%
Royal Rumble 2016
AJ Styles
50.9%
Greatest Royal Rumble 2018
Mark Henry
44.8%
Quiz Playlist
Details
Report
Send in Message
Add To Playlist
Classic:
Type in answers that appear in a list
Last Updated: Dec 26, 2018
Quiz Scoreboard
CHALLENGE
Sign Up to Join the Scoreboard
Show All
Scores
Hide
Comments
May contain spoilers
Recently Published
9x9 Crossword: Cartoon Network
by jackfrog10
Miscellaneous
3m
College Basketball Coaching Resumes
by pancakes188
Sports
9m
Billboard Blitz: Fleetwood Mac
by CooCooCachoo
Music
15s
More to Explore
Quiz From the Vault
Featured Blog Post
Where Did the Easter Bunny Come From?
hide this ad
You Might Also Like...
Tags
WWE Quiz
curtis
Perfect
PPV
PPV Matches
PPV Opponents
Pro Wrestling
Superstar
Wrestling
Today's Top Quizzes in Sports
Browse Sports
hide this ad
Today's Top Quizzes in WWE
Browse WWE
Top Contributed Quizzes in Sports
1
2022 World Cup Stars
2
Les meilleurs buteurs des matchs entre le PSG et l’OM
3
FIFA Club World Cup Champions
4
Les entraîneurs de l'OM et du PSG au 21e siècle
5
Criteria MLB: Left Handed Sluggers
6
2023 MLB Unique Player Accomplishments
7
AFC Teams Reveal (Wrong Answers Minefield)
8
Players with Multiple 50 Home Run Seasons
9
5-to-1: FBS Animal Nicknames
10
5-to-1: UK Sports Teams
Explore More
Trending Topics
Harry Potter
Kpop
Disney
Marvel
Anime
Crossword
NBA
Pokémon
Puzzle
NFL
The Office
Country
WWE
Song
Soccer
hide this ad
More By:
svenmetenstra94
Quiz
Plays
Rating
Category
Featured
Created
WWE PPV Opponents of Brock Lesnar
141,251
4.50
Sports
Apr 8, 2012
WWE PPV Opponents of Roman Reigns
31,795
4.54
Sports
Oct 28, 2013
WWE PPV Opponents of Seth Rollins
28,268
4.68
Sports
Oct 28, 2013
WWE PPV Opponents of CM Punk
27,142
4.61
Sports
Nov 9, 2011
WWE PPV Opponents of Daniel Bryan
23,870
4.19
Sports
Oct 25, 2011
Go to Creator's Profile
Score Distribution
Quiz Creator Spotlight
svenmetenstra94
Follow
Send a Message
Quizzes Created
-
Created Quiz Play Count
-
More By This Creator
Popular Quizzes Today
1
Find the US States - No Outlines Minefield
2
Find the Countries of Europe - No Outlines Minefield
3
The Countries of the World
4
Find the US States
5
Risky Map Clicking: Biggest States A-Z
6
US States
7
Popular People in 1961
8
Movies - When Are They Set?
More Sports Quizzes
NCAA by Nutcracker
Editor's Pick
Trending Quizzes
Risky Map Clicking: Least Populous States A-Z
1-10 Letter G Words
Risky Map Clicking: Next State Alphabetically
Adjectives in 80s TV Shows
Risky Map Clicking: Biggest States A-Z
Recently Updated
Leaping Animals
pecheneg
Reality TV Shows (A-Z)
bhenderson79
Rickey Henderson's Hall of Fame Teammates
pecheneg
Champions League XIs: Arsenal
pecheneg
Quick Pick: Celebrities in WWE's Hall of Fame
aduchscher
A-Z Keypad Blitz II
pecheneg
Multiple Oscar Actors
pecheneg
Mystery Phrase Blitz: Oscar 'Best Actors'
pecheneg
F. Scott Fitzgerald Novels
LTH
Pick 3 Villains
ddd62291
Trending Topics
NBA
Harry Potter
Marvel
Anime
Kpop
Crossword
Disney
Puzzle
Pokémon
Country
Soccer
NFL
The Office
Song
WWE
Your Account Isn't Verified!
In order to create a playlist on Sporcle, you need to verify the email address you used during registration. Go to your
Sporcle Settings
to finish the process.
Report this User
Report this user for behavior that violates our
Community Guidelines
.
Details:
Send Report
Go to the Sporcle.com Mobile Site →
Comments